| 000 | 00415nam a2200157Ia 4500 | ||
|---|---|---|---|
| 005 | 20250313161502.0 | ||
| 008 | 231217s9999 xx 000 0 und d | ||
| 020 | _a9788172246501 | ||
| 082 | _a001.64404 ZUR;25 | ||
| 100 | _aZurada, Jacek M | ||
| 245 | 0 | _aIntroduction to artificial neural systems | |
| 260 |
_c2001 _bJaico _amumbai |
||
| 300 | _axxiv+683 | ||
| 650 | _aArtificial Neural systems | ||
| 942 | _cAA | ||
| 999 |
_c179919 _d179919 |
||